000 00747cam a2200265 4500500
005 20260329004951.0
041 _afre
042 _adc
100 1 0 _aLacroix, Alexandre
_eauthor
245 0 0 _aLe jour où j’ai pris un coup de vieux
260 _c2021.
500 _a50
690 _aÂge
690 _aChloé Delaume
690 _aFemmes
690 _aJeunesse
690 _aPascal Bruckner
690 _aPoil
690 _aSimon Johannin
690 _aSusan Neiman
690 _aVieillesse
690 _aVieillissement
786 0 _nPhilosophie magazine | 155 | 12 | 2021-12-01 | p. 23-24 | 1951-1787
856 4 1 _uhttps://shs.cairn.info/magazine-philosophie-magazine-2021-12-1-page-23?lang=fr&redirect-ssocas=7080
999 _c1839015
_d1839015